000 00601nam 22002053 4500
001 199181
090 _a199181
100 _a20251120d u||y0pory50 ba
101 _apor
102 _aPT
200 _aEscritos Políticos
_fMário Soares
205 _a
210 _aLisboa
_cEditorial Inquérito
_d1969
215 _a242, [6] p.
_cBrochado
_d19 cm
606 _94713
_aCiências Sociais Política
675 _a321.6(469)/SOA/ESC
_vPT
_zpor
700 _911569
_aSoares
_bMário Alberto Nobre Lopes
_f1924 - 2017
801 _aPT
_bBMMN
_gRPC
830 _cCarlos Pinto
_d20-11-2025
_fCarlos Pinto
990 _cLIVROS